| 000 | 01187nam a22002777a 4500 | ||
|---|---|---|---|
| 001 | 1270 | ||
| 005 | 20250901162052.0 | ||
| 020 | _a9789996305597 | ||
| 040 |
_aFISKH _beng _cFISKH _dFISKH |
||
| 082 | _a513.211 | ||
| 100 | _aKunthearo, Prum | ||
| 245 |
_aរាប់លេខ / _cនិពន្ធដោយ ព្រុំ គន្ធារ៉ូ - គូររូបដោយ សូ ចរិយា |
||
| 250 | _aបោះពុម្ពលើកទី ៧ តុលា ២០២១ | ||
| 260 |
_aPhnom Penh : _bSipar, _c2021. |
||
| 300 |
_a16 pages : _bcolor illustrations ; _c17 cm |
||
| 490 | _aតស់រៀន ! | ||
| 505 | _aC | ||
| 520 | _aណែនាំកុមារតូចអំពីការរាប់ចំនួនលេខអមជាមួយរូបភាពពណ៍ផងដែរ។ | ||
| 520 | _aIntroduce young children to counting numbers with colorful pictures. | ||
| 521 |
_a100
_bLexile estimate |
||
| 521 |
_aC
_bRaz-PLus |
||
| 650 |
_aលេខ _vរាប់លេខ _xរូបភាព |
||
| 650 |
_aNumber _vCounting _xPicture |
||
| 700 |
_aChakrya, Sou _cillustrator |
||
| 942 |
_2ddc _cBK _n0 |
||
| 999 |
_c1270 _d1270 |
||